000 00493nam a2200121Ia 4500
008 220620s9999||||xx |||||||||||||| ||und||
245 4 _aThe Routledge Handbook of Taxation and Philanthropy
546 _aEnglish[eng]
650 _aNon-profitmaking organizations||Public finance and taxation||Charities, voluntary services and philanthropy
700 _aPeter, Henry||Lideikyte Huber, Giedre
856 _uhttps://library.oapen.org/bitstream/20.500.12657/52010/1/9781000514216.pdf
942 _cEB
999 _c25040
_d25040